书目信息 |
| 题名: |
忠经·孝经
|
|
| 作者: | 马融 撰 | |
| 分册: | ||
| 出版信息: | 长春 吉林摄影出版社 2003 |
|
| 页数: | 220页 | |
| 开本: | 19cm | |
| 丛书名: | 中国传统文化经典文库 | |
| 单 册: | ||
| 中图分类: | B222.04 , Z1 | |
| 科图分类: | ||
| 主题词: | 儒家 , 丛书 | |
| 电子资源: | ||
| ISBN: | 7-80606-671-3 | |
| 000 | 00881oam2 2200289 450 | |
| 001 | 1552864831 | |
| 005 | 20151110121435.57 | |
| 010 | @a7-80606-671-3@dCNY10.00 | |
| 100 | @a20031112d2003 em y0chiy50 ea | |
| 101 | 0 | @achi |
| 102 | @aCN@b220000 | |
| 105 | @aa z 000yy | |
| 200 | 1 | @a忠经·孝经@Azhong jing·xiao jing@c孝经@e珍藏版@f(东汉)马融撰@f(春秋)孔子著 |
| 210 | @a长春@c吉林摄影出版社@d2003 | |
| 215 | @a220页@c插图@d19cm | |
| 225 | 2 | @a中国传统文化经典文库@e双色图文经典 |
| 308 | @a丛书第三辑 | |
| 330 | @a该书对集中反映、宣传、倡导忠、孝观念的两部经典加以整理,白话翻译和图画配合进行译注。 | |
| 461 | 0 | @12001 @a中国传统文化经典文库 |
| 605 | @a《忠经》;@x译文 | |
| 606 | 0 | @a儒家 |
| 606 | 0 | @a丛书 |
| 690 | @aB222.04@v5 | |
| 690 | @aZ1@v4 | |
| 701 | 0 | @c(汉)@a马融@Ama rong@f(79~166)@4撰 |
| 801 | 0 | @aCN@bTSSF@c20150117 |
| 905 | @aZUCC@dZ1@eJY52 | |
| 忠经·孝经.孝经:珍藏版/(东汉)马融撰/(春秋)孔子著.-长春:吉林摄影出版社,2003 |
| 220页:插图;19cm.-(中国传统文化经典文库:双色图文经典) |
| ISBN 7-80606-671-3:CNY10.00 |
| 该书对集中反映、宣传、倡导忠、孝观念的两部经典加以整理,白话翻译和图画配合进行译注。 |
| ● |
| 相关链接 |
|
|
|
|
正题名:忠经·孝经
索取号:Z1/JY52
 
预约/预借
| 序号 | 登录号 | 条形码 | 馆藏地/架位号 | 状态 | 备注 |
| 1 | 7852057 | 278520575 | 学院路分馆/ [索取号:Z1/JY52] | 在馆 | |
| 2 | 7852058 | 278520584 | 学院路分馆/ [索取号:Z1/JY52] | 在馆 | |
| 3 | 7852059 | 278520593 | 学院路分馆/ [索取号:Z1/JY52] | 在馆 | |
| 4 | 7852060 | 278520600 | 学院路分馆/ [索取号:Z1/JY52] | 在馆 |